LEADER 00932naa a2200217 u 4500 001 000000094055 003 CaOOAMICUS 005 20070226130136.0 008 010725m19891992fr u000 u eng u 035 $a10898543 040 $aPUL(R)$bita 100 1 $aPrott, Lyndel V.$0(OLS)http://pul/name/60487 245 10$aProblems of private internatinal law for the protection of cultural heritage /$cby Lyndel V. Prott. 260 $a[S. l. :$bs. n.],$c1989-1992. 300 $aP. [215-317] 504 $aBibliografia in nota. 650 4$aDiritto internazionale privato.$0(OLS)http://pul/subject/2921 773 0 $tRecueil des cours$gv.V (1989) 773 0 $tRecueil des cours 1989 : collected courses of The Hague Academy of International Law$w()60529 996 $6245$aProblems of private internatinal law for the protection of cultural heritage$9(OLS)http://pul/title/120911 996 $6260$a[S. l. :$bs. n.]$9(OLS)http://pul/publisher/47882 LEADER 01293nam a2200313 a 4500 001 000000168147 003 CaOOAMICUS 005 20180612094758.0 008 180612s2018 it u000 u ita r 020 $a978881421477-6* 032 $aLibriCat 040 $aPUL$bita 082 04$a346.01 100 1 $aMasoni, Roberto.$0(OLS)http://pul/name/66936 245 13$aIl giudice tutelare :$ble competenze su minori e disabili /$cRoberto Masoni. 260 $aMilano :$bGiuffrè,$c©2018. 300 $aXIX, 640 p. ;$c24 cm. 490 1 $aTeoria e pratica maior. Civile e processo 504 $aBibliografia in nota. 650 4$aGiudice tutelare.$0(OLS)http://pul/subject/45483 830 0$aTeoria e pratica maior.$pCivile e processo.$0(OLS)http://pul/title/190105 850 $aPUL 852 $aPUL$W1$xSL Diritto e Scienze Sociali 3$y79$m346. 01 MASRO 1$j191728$qDDC 21$B195972$CPULBib$Z2$F195972 $H130969 $81 941 1 $a9 996 $6020$a978881421477-6*$9(OLS)http://pul/number/164291 996 $6082$a346.01$9(OLS)http://pul/classification/2018 996 $6245$aIl giudice tutelare :$ble competenze su minori e disabili$9(OLS)http://pul/title/208364 996 $6260$aMilano :$bGiuffrè$9(OLS)http://pul/publisher/48401